02111 a2200349 45000010006000000050017000060080041000230030015000640400040000790800052001192450085001710200018002562640033002743000025003075050903003321000030012357000023012657000023012887000032013117000023013437000031013667000017013977000024014147000030014387000025014687000022014937000017015157000027015327000029015597000023015888560150016111804920260407155459.0260407a2006 arg spa dAR-UNSa-BCEJYS aAR-UNSa-BCEJYSbspacAR-UNSa-BCEJYS a342xDerecho constitucional (Derecho Público)10aIdeas para la formulación de un nuevo contrato socialpproyecto Mariano Moreno a987-03-0791-4 1aBuenos Aires :bLa Leyc2006 axxii, 490 p.c24 cm. a1. Una propuesta para la protección de las personas que trabajan en las fronteras del derecho del trabajo - 2. La integración regional, una vía relevante para la construcción del contrato social en nuestro tiempo - 3. Reforma del estado, moneda, deuda, inclusión social y desarrollo económico - 4. Algunas ideas y aportes para una reforma progresiva del sistema tributario argentino - 5. Reforma política y electoral - 6. Estado, globalización y desarrollo - 7. Hacia un nuevo contrato social desde la perspectiva del desarrollo social - 8. Estado de derecho y política criminal - 9. El sistema judicial argentino y su reforma - 10. Las instituciones políticas en Argentina - 11. Las políticas de transparencia en la reconstrucción del contrato social - 12. Aportes para un orden económico ajustado a la constitución nacional - 13. La constitución y el contrato social1 aAlterini, Atilio Aníbal1 aMonner Sans, Alejo1 aAckerman, Mario E.1 aCiuro Caldani, Miguel Angel1 aConesa, Eduardo R.1 aDalla Via, Alberto Ricardo1 aFerrer, Aldo1 aFridman, Viviana I.1 aPietro Paolo, Leonardo Di1 aLarrandart, Lucia E.1 aLynch, Horacio M.1 aMayer, Jorge1 aRaigorodsky, Nicolás1 aSandler, Héctor Raúl1 aSola, Juan Vicente41uhttps://biblioeco.unsa.edu.ar/pmb/images/libros/Ideas para la formulacion de un nuevo contrato social2-l117910.jpgyImagen de portadaqimage/jpeg